[Event "Quebec op"]
[Site "Montreal CAN"]
[Date "2011.07.26"]
[Round "5"]
[White "Sprumont, Oscar"]
[Black "Beladel, Brahim"]
[Result "1/2-1/2"]
[WhiteElo "1757"]
[BlackElo "1693"]
[PlyCount "78"]
[GameId "2160767909649428"]
[EventDate "2011.07.23"]
[EventType "swiss"]
[EventRounds "9"]
[EventCountry "CAN"]
[SourceTitle "EXT 2022"]
[Source "ChessBase"]
[SourceDate "2021.10.06"]
[SourceVersion "1"]
[SourceVersionDate "2021.10.06"]
[SourceQuality "1"]

1. e4 c6 2. d4 d5 3. Nd2 dxe4 4. Nxe4 Nd7 5. Ng5 Ngf6 6. Bd3 e6 7. N1f3 Bd6 8. Qe2 Nb6 9. O-O Qc7 10. Ne5 O-O 11. f4 h6 12. Ne4 Nxe4 13. Qxe4 f5 14. Qe1 Qd8 15. Rf3 Bxe5 16. dxe5 c5 17. Kh1 Qe7 18. Be3 Nd5 19. Bd2 b6 20. Rh3 Bb7 21. Qg3 Kf7 22. a3 a5 23. Qf3 Qc7 24. Qh5+ Kg8 25. Rg3 Kh8 26. Qg6 Qf7 27. Rf1 Ne7 28. Qxf7 Rxf7 29. Bc4 Nd5 30. Rb3 Rd7 31. Bxd5 Bxd5 32. Rxb6 Bc4 33. Rf2 Rad8 34. Rd6 Rxd6 35. exd6 Rxd6 36. h3 a4 37. Be3 Rc6 38. Rd2 Bd5 39. Kg1 Kg8 1/2-1/2

[Event "Quebec op"]
[Site "Montreal CAN"]
[Date "2011.07.26"]
[Round "5"]
[White "Tremblay, Alain"]
[Black "Zhang, Zhiyuan"]
[Result "1/2-1/2"]
[WhiteElo "2113"]
[BlackElo "2046"]
[PlyCount "50"]
[GameId "2160767909649429"]
[EventDate "2011.07.23"]
[EventType "swiss"]
[EventRounds "9"]
[EventCountry "CAN"]
[SourceTitle "EXT 2022"]
[Source "ChessBase"]
[SourceDate "2021.10.06"]
[SourceVersion "1"]
[SourceVersionDate "2021.10.06"]
[SourceQuality "1"]

1. Nf3 d5 2. b4 c6 3. Bb2 Bf5 4. e3 e6 5. c4 Nf6 6. b5 Be7 7. Nc3 O-O 8. Be2 Bg6 9. O-O cxb5 10. cxb5 Nbd7 11. Nh4 Rc8 12. Nxg6 hxg6 13. a4 Nb6 14. d3 d4 15. exd4 Qxd4 16. a5 Nbd5 17. Nxd5 Qxd5 18. Qa4 Rfd8 19. Rac1 Qd7 20. a6 bxa6 21. Qxa6 Bc5 22. g3 Nd5 23. Qa4 Nb6 24. Qa5 Nd5 25. Qa4 Nb6 1/2-1/2

[Event "Quebec op"]
[Site "Montreal CAN"]
[Date "2011.07.26"]
[Round "5"]
[White "Weston, Paul"]
[Black "Leutschaft, Martin"]
[Result "0-1"]
[WhiteElo "1883"]
[BlackElo "2141"]
[PlyCount "44"]
[GameId "2160767909649433"]
[EventDate "2011.07.23"]
[EventType "swiss"]
[EventRounds "9"]
[EventCountry "CAN"]
[SourceTitle "EXT 2022"]
[Source "ChessBase"]
[SourceDate "2021.10.06"]
[SourceVersion "1"]
[SourceVersionDate "2021.10.06"]
[SourceQuality "1"]

1. f4 Nf6 2. g3 c6 3. Bg2 d6 4. Nf3 Nbd7 5. d3 e5 6. e4 Be7 7. fxe5 dxe5 8. O-O Qb6+ 9. Kh1 Ng4 10. Qe2 h5 11. Nc3 Nf8 12. Na4 Qa5 13. b3 b5 14. Bd2 Qd8 15. Nb2 h4 16. gxh4 Bxh4 17. Be1 Bxe1 18. Raxe1 Ng6 19. Rg1 Nxh2 20. Nxh2 Rxh2+ 21. Kxh2 Qh4+ 22. Bh3 Qxh3# 0-1

[Event "Quebec op"]
[Site "Montreal CAN"]
[Date "2011.07.26"]
[Round "5"]
[White "Zhu, Hong Rui"]
[Black "Yun, Chang"]
[Result "1-0"]
[WhiteElo "2002"]
[BlackElo "1881"]
[PlyCount "107"]
[GameId "2160767909649434"]
[EventDate "2011.07.23"]
[EventType "swiss"]
[EventRounds "9"]
[EventCountry "CAN"]
[SourceTitle "EXT 2022"]
[Source "ChessBase"]
[SourceDate "2021.10.06"]
[SourceVersion "1"]
[SourceVersionDate "2021.10.06"]
[SourceQuality "1"]

1. e4 c5 2. Nf3 d6 3. c3 Nf6 4. Be2 g6 5. O-O Bg7 6. Re1 O-O 7. Bf1 Nc6 8. h3 e5 9. d4 Qc7 10. Bg5 h6 11. Bh4 Re8 12. dxc5 dxc5 13. Bxf6 Bxf6 14. Nbd2 Be6 15. Qc2 a6 16. Bc4 Nd8 17. Rad1 b5 18. Bxe6 Nxe6 19. Nf1 c4 20. Ne3 Bg7 21. Rd2 Nc5 22. Red1 h5 23. Nd5 Qc6 24. Re2 Bh6 25. Nb4 Qc7 26. Nd5 Qc6 27. g3 Kg7 28. Nb4 Qe6 29. Kg2 Rac8 30. Rd5 Qf6 31. Rd1 Red8 32. Rxd8 Rxd8 33. Nd5 Qe6 34. b4 Nd3 35. Ne1 f5 36. f3 Nxe1+ 37. Rxe1 fxe4 38. fxe4 Rf8 39. Qe2 a5 40. a3 axb4 41. axb4 Qa6 42. h4 Qa7 43. Rf1 Rxf1 44. Qxf1 Qa2+ 45. Kh3 Qa6 46. Qf2 Qe6+ 47. Kg2 Qa6 48. Kh2 Bc1 49. Qc5 Qb7 50. Qd6 Qa8 51. Qf6+ Kh6 52. Ne7 Qe8 53. Nf5+ Kh7 54. Qg7# 1-0

[Event "Quebec op"]
[Site "Montreal CAN"]
[Date "2011.07.27"]
[Round "6"]
[White "Auger, Bertrand"]
[Black "Arsenault, Nicolas"]
[Result "0-1"]
[WhiteElo "1961"]
[BlackElo "2164"]
[PlyCount "68"]
[GameId "2160767909649435"]
[EventDate "2011.07.23"]
[EventType "swiss"]
[EventRounds "9"]
[EventCountry "CAN"]
[SourceTitle "EXT 2022"]
[Source "ChessBase"]
[SourceDate "2021.10.06"]
[SourceVersion "1"]
[SourceVersionDate "2021.10.06"]
[SourceQuality "1"]

1. Nf3 e6 2. g3 f5 3. c4 Nf6 4. Bg2 d5 5. O-O Bd6 6. Nc3 c6 7. cxd5 exd5 8. b3 O-O 9. Bb2 a5 10. a3 Ne4 11. d3 Nxc3 12. Bxc3 Qe7 13. Bb2 Na6 14. d4 Nb8 15. Ne5 Nd7 16. f4 Nf6 17. Qd3 Be6 18. Rfb1 Ne4 19. Qd1 Rf6 20. b4 axb4 21. axb4 Rxa1 22. Bxa1 Bxb4 23. Qa4 c5 24. Nd3 Bd2 25. Qa8+ Rf8 26. Qxb7 Qxb7 27. Rxb7 Ra8 28. Rb1 c4 29. Bxe4 dxe4 30. Nc5 Bd5 31. Bb2 Rb8 32. Na4 Rb7 33. Nc5 Rb5 34. Kf2 e3+ 0-1

[Event "Quebec op"]
[Site "Montreal CAN"]
[Date "2011.07.27"]
[Round "6"]
[White "Beladel, Brahim"]
[Black "Wu, Qiyou"]
[Result "0-1"]
[WhiteElo "1693"]
[BlackElo "1942"]
[PlyCount "98"]
[GameId "2160767909649436"]
[EventDate "2011.07.23"]
[EventType "swiss"]
[EventRounds "9"]
[EventCountry "CAN"]
[SourceTitle "EXT 2022"]
[Source "ChessBase"]
[SourceDate "2021.10.06"]
[SourceVersion "1"]
[SourceVersionDate "2021.10.06"]
[SourceQuality "1"]

1. e4 c5 2. Nf3 d6 3. Bb5+ Bd7 4. Bxd7+ Qxd7 5. O-O Nf6 6. Nc3 Nc6 7. d4 cxd4 8. Nxd4 g6 9. f3 Bg7 10. Be3 O-O 11. Nxc6 bxc6 12. Qd2 Rfb8 13. b3 Rd8 14. Rad1 d5 15. e5 Ne8 16. f4 Bf8 17. Na4 e6 18. Nc5 Qc7 19. Bd4 Ng7 20. g4 Ne8 21. Rf3 Bxc5 22. Bxc5 f5 23. gxf5 exf5 24. Qe3 Ng7 25. e6 Re8 26. e7 Rab8 27. a4 Rb7 28. Re1 Qd7 29. Qe5 Kf7 30. Rfe3 Nh5 31. Qd4 Nf6 32. Qe5 Ne4 33. Bd4 Qxe7 34. Qg7+ Ke6 35. Qh6 Kd7 36. Be5 Kc8 37. c4 Qc5 38. Kg2 dxc4 39. bxc4 Rd8 40. R1e2 Rd1 41. Bb2 Rxb2 42. Rxb2 Qxe3 43. Qf8+ Rd8 44. Rb8+ Kxb8 45. Qxd8+ Kb7 46. Qd7+ Ka6 47. Qc8+ Ka5 48. Qc7+ Qb6 49. Qe5+ Ka6 0-1

[Event "Quebec op"]
[Site "Montreal CAN"]
[Date "2011.07.27"]
[Round "6"]
[White "Carrier, Claude"]
[Black "Plante, Michel"]
[Result "1-0"]
[WhiteElo "1985"]
[BlackElo "2066"]
[PlyCount "71"]
[GameId "2160767909649442"]
[EventDate "2011.07.23"]
[EventType "swiss"]
[EventRounds "9"]
[EventCountry "CAN"]
[SourceTitle "EXT 2022"]
[Source "ChessBase"]
[SourceDate "2021.10.06"]
[SourceVersion "1"]
[SourceVersionDate "2021.10.06"]
[SourceQuality "1"]

1. e4 d6 2. d4 Nf6 3. Nc3 Nbd7 4. Be3 e5 5. f3 c6 6. Qd2 Be7 7. g4 b5 8. a3 Bb7 9. Nge2 O-O 10. Ng3 exd4 11. Bxd4 Ne5 12. Be2 Nfd7 13. f4 Nc4 14. Bxc4 bxc4 15. Nf5 Bh4+ 16. Kd1 Bf6 17. g5 Bxd4 18. Qxd4 f6 19. Nxd6 Nb6 20. Ne2 Ba6 21. gxf6 Rxf6 22. e5 Rg6 23. Ng3 Qc7 24. c3 Rd8 25. Kc2 Nc8 26. f5 Rgxd6 27. exd6 Rxd6 28. Qe3 h6 29. Rad1 Bb5 30. Rxd6 Ba4+ 31. Kb1 Nxd6 32. Qe6+ Kh8 33. f6 g6 34. Rf1 Qd8 35. f7 Nxf7 36. Qxf7 1-0

[Event "Quebec op"]
[Site "Montreal CAN"]
[Date "2011.07.27"]
[Round "6"]
[White "Dumont, Felix"]
[Black "Tremblay, Alain"]
[Result "1/2-1/2"]
[WhiteElo "2007"]
[BlackElo "2113"]
[PlyCount "51"]
[GameId "2160767909649447"]
[EventDate "2011.07.23"]
[EventType "swiss"]
[EventRounds "9"]
[EventCountry "CAN"]
[SourceTitle "EXT 2022"]
[Source "ChessBase"]
[SourceDate "2021.10.06"]
[SourceVersion "1"]
[SourceVersionDate "2021.10.06"]
[SourceQuality "1"]

1. e4 d5 2. exd5 Qxd5 3. Nc3 Qa5 4. d4 c6 5. Nf3 Nf6 6. Bc4 Bf5 7. O-O e6 8. Bf4 Bb4 9. Ne2 Nbd7 10. Ng3 Bg6 11. Ne5 Nd5 12. Bxd5 cxd5 13. c4 Nxe5 14. Bxe5 dxc4 15. Bxg7 Rg8 16. Be5 Bd3 17. a3 Be7 18. Re1 Qd5 19. b3 b5 20. a4 a6 21. axb5 axb5 22. bxc4 Bxc4 23. Bf4 Bf6 24. Be5 Be7 25. Bf4 Bf6 26. Be5 1/2-1/2

[Event "Quebec op"]
[Site "Montreal CAN"]
[Date "2011.07.27"]
[Round "6"]
[White "Giroux, Robert"]
[Black "Chevalier, Francois"]
[Result "0-1"]
[WhiteElo "1886"]
[BlackElo "1699"]
[PlyCount "88"]
[GameId "2160767909649449"]
[EventDate "2011.07.23"]
[EventType "swiss"]
[EventRounds "9"]
[EventCountry "CAN"]
[SourceTitle "EXT 2022"]
[Source "ChessBase"]
[SourceDate "2021.10.06"]
[SourceVersion "1"]
[SourceVersionDate "2021.10.06"]
[SourceQuality "1"]

1. c4 Nf6 2. g3 e6 3. Bg2 d5 4. d4 Be7 5. Nf3 O-O 6. O-O c6 7. Qc2 Nbd7 8. Bf4 Nh5 9. Bc1 Nhf6 10. Rd1 b6 11. Nc3 Bb7 12. e4 Nxe4 13. Nxe4 dxe4 14. Qxe4 Qc8 15. Ne5 Nxe5 16. dxe5 Rb8 17. Qg4 Rd8 18. Bg5 Qc7 19. Bf6 g6 20. Qg5 Rxd1+ 21. Rxd1 Bf8 22. Rd3 c5 23. Qd2 Bxg2 24. Kxg2 b5 25. cxb5 Qb7+ 26. f3 Qxb5 27. Rb3 Qe8 28. Rxb8 Qxb8 29. b3 h5 30. Qf4 Qb7 31. Qe4 Qc8 32. h4 Kh7 33. g4 hxg4 34. fxg4 Qd7 35. Bg5 Bg7 36. h5 Qd5 37. hxg6+ fxg6 38. Qxd5 exd5 39. Be7 c4 40. bxc4 dxc4 41. e6 c3 42. Bg5 Kg8 43. Kf3 c2 44. Ke2 Bb2 0-1

[Event "Quebec op"]
[Site "Montreal CAN"]
[Date "2011.07.27"]
[Round "6"]
[White "Goldner, John"]
[Black "Brunet, Guy"]
[Result "0-1"]
[WhiteElo "1683"]
[BlackElo "1534"]
[PlyCount "158"]
[GameId "2160767909649450"]
[EventDate "2011.07.23"]
[EventType "swiss"]
[EventRounds "9"]
[EventCountry "CAN"]
[SourceTitle "EXT 2022"]
[Source "ChessBase"]
[SourceDate "2021.10.06"]
[SourceVersion "1"]
[SourceVersionDate "2021.10.06"]
[SourceQuality "1"]

1. e4 d5 2. exd5 Qxd5 3. Nc3 Qd6 4. d4 Nf6 5. Bg5 Nbd7 6. Nb5 Qb6 7. Bc1 a6 8. Na3 e6 9. Nc4 Qa7 10. Nf3 b5 11. Ne3 Bb7 12. Be2 Be7 13. O-O O-O 14. c3 c5 15. Nc2 Rfd8 16. Qe1 Rac8 17. a4 Qb6 18. axb5 axb5 19. Na3 cxd4 20. Nxd4 Bxa3 21. Rxa3 b4 22. Ra4 bxc3 23. bxc3 Qc7 24. Ra3 h6 25. Bf3 Bxf3 26. Nxf3 Nb6 27. Be3 Nfd5 28. Bd4 Ne7 29. Qe5 Qxe5 30. Nxe5 Nc4 31. Nxc4 Rxc4 32. Rb1 Nc6 33. g3 Nxd4 34. cxd4 Rcxd4 35. Rb7 R4d7 36. Raa7 Rxb7 37. Rxb7 g5 38. h3 Kg7 39. Kg2 Kg6 40. Kf3 Rd4 41. Ke2 h5 42. Rb6 h4 43. gxh4 Rxh4 44. Rb3 Rf4 45. Kf1 Rc4 46. Re3 Kh5 47. Kg2 g4 48. hxg4+ Kxg4 49. Rg3+ Kf5 50. Rb3 e5 51. Rb5 f6 52. Rb6 e4 53. Kg3 Rc3+ 54. Kg2 Ke5 55. Rb5+ Kf4 56. Rb2 f5 57. Ra2 Rc8 58. Kf1 Rd8 59. Ke2 Rh8 60. Ra3 Rh2 61. Rb3 Rh1 62. Rc3 Ra1 63. Rc2 Ra3 64. Rb2 Kg4 65. Rb1 f4 66. Rg1+ Kf5 67. Rg8 Ra2+ 68. Ke1 Rb2 69. Rf8+ Kg4 70. Re8 Kf3 71. Re7 Rb1+ 72. Kd2 Rf1 73. Kc3 Rxf2 74. Rh7 e3 75. Re7 Rd2 76. Re8 Rd5 77. Kc4 Rd7 78. Ra8 e2 79. Ra3+ Kf2 0-1

[Event "Quebec op"]
[Site "Montreal CAN"]
[Date "2011.07.27"]
[Round "6"]
[White "He, Shao Hang"]
[Black "Zhu, Hong Rui"]
[Result "0-1"]
[WhiteElo "1546"]
[BlackElo "2002"]
[PlyCount "62"]
[GameId "2160767909649451"]
[EventDate "2011.07.23"]
[EventType "swiss"]
[EventRounds "9"]
[EventCountry "CAN"]
[SourceTitle "EXT 2022"]
[Source "ChessBase"]
[SourceDate "2021.10.06"]
[SourceVersion "1"]
[SourceVersionDate "2021.10.06"]
[SourceQuality "1"]

1. d4 d5 2. c4 e6 3. Nf3 Nf6 4. Bg5 Be7 5. e3 O-O 6. Nc3 Nbd7 7. Qc2 a6 8. Rc1 dxc4 9. Bxc4 b5 10. Bd3 Bb7 11. Bf4 c5 12. dxc5 Nxc5 13. Be2 Qb6 14. O-O Rac8 15. b4 Nce4 16. Qb2 Nxc3 17. Rxc3 Rxc3 18. Qxc3 Nd5 19. Qb2 Nxf4 20. exf4 Bxf3 21. Bxf3 Qd6 22. a3 Qxf4 23. Bb7 Qd6 24. g3 Qb6 25. Bg2 a5 26. Rc1 axb4 27. axb4 Rd8 28. Rc6 Rd1+ 29. Bf1 Qxc6 30. Qe5 Qc4 31. Qb8+ Bf8 0-1

[Event "Quebec op"]
[Site "Montreal CAN"]
[Date "2011.07.27"]
[Round "6"]
[White "Jiang, Louie"]
[Black "Caire, Francois"]
[Result "1-0"]
[WhiteElo "2348"]
[BlackElo "2150"]
[PlyCount "73"]
[GameId "2160767909649453"]
[EventDate "2011.07.23"]
[EventType "swiss"]
[EventRounds "9"]
[EventCountry "CAN"]
[SourceTitle "CBM 143 Extra"]
[Source "ChessBase"]
[SourceDate "2011.08.29"]
[SourceVersion "1"]
[SourceVersionDate "2011.08.29"]
[SourceQuality "1"]

1. e4 c5 2. Nc3 Nc6 3. f4 g6 4. Nf3 Bg7 5. Bb5 Nd4 6. O-O Nxb5 7. Nxb5 d5 8. exd5 a6 9. Nc3 Nf6 10. d4 c4 11. Qe2 b5 12. Re1 Bb7 13. f5 Bxd5 14. Nxd5 Nxd5 15. Qe4 Qd7 16. fxg6 hxg6 17. c3 e6 18. Bf4 O-O 19. Be5 Bxe5 20. dxe5 Qe7 21. Rf1 Qc5+ 22. Rf2 b4 23. Ng5 Kg7 24. Raf1 Qe3 25. Qxe3 Nxe3 26. Rxf7+ Rxf7 27. Rxf7+ Kh6 28. h4 Kh5 29. Nxe6 bxc3 30. bxc3 Rb8 31. Kf2 Nf5 32. Ng7+ Nxg7 33. Rxg7 Re8 34. Kg3 Kh6 35. Rc7 Rxe5 36. Rxc4 Ra5 37. a4 1-0

[Event "Quebec op"]
[Site "Montreal CAN"]
[Date "2011.07.27"]
[Round "6"]
[White "Laurain, Guy1"]
[Black "Weston, Paul"]
[Result "1-0"]
[WhiteElo "2091"]
[BlackElo "1883"]
[PlyCount "65"]
[GameId "2160767909649454"]
[EventDate "2011.07.23"]
[EventType "swiss"]
[EventRounds "9"]
[EventCountry "CAN"]
[SourceTitle "EXT 2022"]
[Source "ChessBase"]
[SourceDate "2021.10.06"]
[SourceVersion "1"]
[SourceVersionDate "2021.10.06"]
[SourceQuality "1"]

1. e4 e5 2. Nf3 Nf6 3. Nxe5 d6 4. Nf3 Nxe4 5. d4 d5 6. Bd3 Nc6 7. O-O Be7 8. Re1 Bg4 9. c3 f5 10. Nbd2 O-O 11. Qc2 Bd6 12. b4 Rf6 13. b5 Nxd2 14. Bxd2 Bxf3 15. bxc6 Be4 16. cxb7 Rb8 17. Bg5 Bxh2+ 18. Kxh2 Qd6+ 19. Kg1 Rg6 20. Bxe4 fxe4 21. Qd2 Rxb7 22. Rab1 Rxb1 23. Rxb1 h6 24. Rb8+ Kh7 25. Bf4 Qd7 26. Be5 c6 27. Qf4 Qh3 28. g3 Qh5 29. Kg2 Qd1 30. Rb7 h5 31. Qf5 Kh6 32. Qf8 Qg4 33. Qf4+ 1-0

[Event "Quebec op"]
[Site "Montreal CAN"]
[Date "2011.07.27"]
[Round "6"]
[White "Lemieux, Serge"]
[Black "Cote-Lalumiere, Tristan"]
[Result "0-1"]
[WhiteElo "1557"]
[BlackElo "1928"]
[PlyCount "54"]
[GameId "2160767909649456"]
[EventDate "2011.07.23"]
[EventType "swiss"]
[EventRounds "9"]
[EventCountry "CAN"]
[SourceTitle "EXT 2022"]
[Source "ChessBase"]
[SourceDate "2021.10.06"]
[SourceVersion "1"]
[SourceVersionDate "2021.10.06"]
[SourceQuality "1"]

1. d4 Nf6 2. c4 c5 3. d5 b5 4. cxb5 a6 5. b6 Qxb6 6. Nc3 d6 7. e4 g6 8. Nf3 Bg7 9. Nd2 O-O 10. Be2 Bd7 11. a4 Rc8 12. O-O a5 13. Nc4 Qc7 14. f4 Na6 15. e5 Ne8 16. e6 fxe6 17. Bg4 Nf6 18. Bxe6+ Bxe6 19. dxe6 Nb4 20. f5 gxf5 21. Rxf5 d5 22. Na3 Qb6 23. Bf4 c4+ 24. Kf1 Nd3 25. Bg3 Rf8 26. Bf2 Nxf2 27. Rxf2 Ng4 0-1

[Event "Quebec op"]
[Site "Montreal CAN"]
[Date "2011.07.27"]
[Round "6"]
[White "Lepine, Cedric"]
[Black "Gelet, Seymour"]
[Result "1/2-1/2"]
[WhiteElo "1938"]
[BlackElo "2020"]
[PlyCount "59"]
[GameId "2160767909649457"]
[EventDate "2011.07.23"]
[EventType "swiss"]
[EventRounds "9"]
[EventCountry "CAN"]
[SourceTitle "EXT 2022"]
[Source "ChessBase"]
[SourceDate "2021.10.06"]
[SourceVersion "1"]
[SourceVersionDate "2021.10.06"]
[SourceQuality "1"]

1. d4 d5 2. c4 e6 3. Nc3 Nf6 4. Nf3 c6 5. g3 Bb4 6. Bg2 Ne4 7. Bd2 Nxd2 8. Qxd2 Nd7 9. cxd5 exd5 10. O-O O-O 11. a3 Ba5 12. Rac1 Nf6 13. b4 Bb6 14. Na4 Ne4 15. Qc2 Re8 16. Nc5 Bxc5 17. dxc5 Qf6 18. e3 Bf5 19. Qa2 Qh6 20. Nd4 Bh3 21. b5 Re5 22. bxc6 bxc6 23. Bxh3 Qxh3 24. f4 Rh5 25. Nxc6 Nxg3 26. Rf3 Qd7 27. Ne5 Rxe5 28. fxe5 Ne4 29. c6 Qe6 30. Qb2 1/2-1/2

[Event "Quebec op"]
[Site "Montreal CAN"]
[Date "2011.07.27"]
[Round "6"]
[White "Leutschaft, Martin"]
[Black "Gagnon, Serge"]
[Result "0-1"]
[WhiteElo "2141"]
[BlackElo "1972"]
[PlyCount "70"]
[GameId "2160767909649458"]
[EventDate "2011.07.23"]
[EventType "swiss"]
[EventRounds "9"]
[EventCountry "CAN"]
[SourceTitle "EXT 2022"]
[Source "ChessBase"]
[SourceDate "2021.10.06"]
[SourceVersion "1"]
[SourceVersionDate "2021.10.06"]
[SourceQuality "1"]

1. e4 d6 2. d4 Nf6 3. Nc3 g6 4. Nf3 Bg7 5. Be2 O-O 6. O-O c6 7. a4 Qc7 8. h3 e5 9. Bg5 Nbd7 10. Re1 Re8 11. dxe5 dxe5 12. Bc4 Nc5 13. Bxf6 Bxf6 14. b4 Ne6 15. Ne2 Be7 16. c3 Ng5 17. Nxg5 Bxg5 18. Qc2 Be6 19. Ng3 Red8 20. Rad1 Rxd1 21. Rxd1 Rd8 22. Be2 Rxd1+ 23. Qxd1 Qd7 24. Qxd7 Bxd7 25. Nf1 Bc1 26. c4 Kf8 27. Ne3 Ke7 28. Kf1 Bd2 29. Nc2 a5 30. b5 cxb5 31. axb5 Kd6 32. Bd3 Kc5 33. Ke2 Bg5 34. Ne1 Be6 35. Nf3 f6 0-1

[Event "Quebec op"]
[Site "Montreal CAN"]
[Date "2011.07.27"]
[Round "6"]
[White "Luksza, Arkadiusz"]
[Black "Sarrazin-Gendron, Roman"]
[Result "1-0"]
[WhiteElo "2197"]
[BlackElo "1968"]
[PlyCount "97"]
[GameId "2160767909649460"]
[EventDate "2011.07.23"]
[EventType "swiss"]
[EventRounds "9"]
[EventCountry "CAN"]
[SourceTitle "EXT 2022"]
[Source "ChessBase"]
[SourceDate "2021.10.06"]
[SourceVersion "1"]
[SourceVersionDate "2021.10.06"]
[SourceQuality "1"]

1. Nf3 Nf6 2. g3 g6 3. Bg2 Bg7 4. c4 O-O 5. Nc3 d6 6. d4 c5 7. d5 e6 8. O-O exd5 9. cxd5 Re8 10. Re1 a6 11. a4 Nbd7 12. Bf4 Qc7 13. h3 Rb8 14. Nd2 b5 15. axb5 axb5 16. Nde4 Nxe4 17. Nxe4 Ne5 18. Bg5 Nd7 19. Qc1 f5 20. Nd2 Nf6 21. Kh2 Qd7 22. Bxf6 Bxf6 23. e4 Qg7 24. Ra2 Bd4 25. f4 g5 26. Nf3 gxf4 27. Qxf4 Bf2 28. Re2 Rxe4 29. Rxe4 fxe4 30. Qxd6 Bxg3+ 31. Qxg3 Qxg3+ 32. Kxg3 exf3 33. Bxf3 Kf7 34. Ra7+ Rb7 35. Ra6 Bf5 36. d6 Rd7 37. Rc6 Ke6 38. Rxc5 Rxd6 39. Rxb5 Rd3 40. Rb6+ Ke7 41. Rb7+ Ke6 42. Kf4 Rd4+ 43. Kg5 h6+ 44. Kxh6 Rh4+ 45. Kg5 Rxh3 46. Rb3 Rg3+ 47. Kf4 Rh3 48. Rb5 Rh2 49. Rb6+ 1-0

[Event "Quebec op"]
[Site "Montreal CAN"]
[Date "2011.07.27"]
[Round "6"]
[White "Malveau, Cedric"]
[Black "Beaulieu, Pierre"]
[Result "1-0"]
[WhiteElo "2036"]
[BlackElo "1855"]
[PlyCount "89"]
[GameId "2160767909649462"]
[EventDate "2011.07.23"]
[EventType "swiss"]
[EventRounds "9"]
[EventCountry "CAN"]
[SourceTitle "EXT 2022"]
[Source "ChessBase"]
[SourceDate "2021.10.06"]
[SourceVersion "1"]
[SourceVersionDate "2021.10.06"]
[SourceQuality "1"]

1. e4 b6 2. d4 Bb7 3. Bd3 e6 4. Nf3 c5 5. c3 Nf6 6. Qe2 cxd4 7. cxd4 d5 8. e5 Ne4 9. O-O h6 10. Nbd2 Nxd2 11. Bxd2 Be7 12. Rac1 a6 13. a3 Nc6 14. Rc3 Qd7 15. Rfc1 Bd8 16. b4 Ne7 17. b5 a5 18. a4 Rc8 19. R1c2 Rxc3 20. Rxc3 Nc8 21. Bc1 Be7 22. Qc2 Kd8 23. Ba3 Bxa3 24. Rxa3 Qe7 25. Rc3 Rf8 26. g3 Rg8 27. Be2 Rh8 28. Nh4 Qd7 29. Rf3 Ke8 30. Rc3 Kd8 31. Bh5 g6 32. Be2 Ne7 33. Bd3 Nf5 34. Bxf5 exf5 35. Nf3 Qe7 36. Kg2 Re8 37. h4 Qe6 38. Qc1 h5 39. Rc7 Re7 40. Ng5 Rxc7 41. Nxe6+ fxe6 42. Qg5+ Kd7 43. Qxg6 Bc8 44. Qf7+ Kd8 45. Qf8+ 1-0

[Event "Quebec op"]
[Site "Montreal CAN"]
[Date "2011.07.27"]
[Round "6"]
[White "Sasseville, Jean"]
[Black "Robichaud, Louis"]
[Result "0-1"]
[WhiteElo "1944"]
[BlackElo "2183"]
[PlyCount "68"]
[GameId "2160767909649464"]
[EventDate "2011.07.23"]
[EventType "swiss"]
[EventRounds "9"]
[EventCountry "CAN"]
[SourceTitle "EXT 2022"]
[Source "ChessBase"]
[SourceDate "2021.10.06"]
[SourceVersion "1"]
[SourceVersionDate "2021.10.06"]
[SourceQuality "1"]

1. Nf3 Nf6 2. c4 g6 3. Nc3 Bg7 4. e4 d6 5. d4 O-O 6. Be2 e5 7. O-O Nc6 8. d5 Ne7 9. b4 Nd7 10. Nd2 f5 11. a4 Nf6 12. f3 f4 13. c5 g5 14. Nc4 Rf7 15. Ba3 Ng6 16. b5 dxc5 17. Bxc5 Bf8 18. Bxf8 Qxf8 19. d6 Be6 20. Nd5 Bxd5 21. exd5 cxd6 22. Bd3 e4 23. Bxe4 Nxe4 24. fxe4 Rc8 25. Qd4 Rfc7 26. Qxa7 Rxc4 27. Qxb7 Qf6 28. a5 Rc2 29. Kh1 f3 30. gxf3 Qf4 31. Rf2 Rc1+ 32. Rxc1 Qxc1+ 33. Kg2 Nf4+ 34. Kg3 Qg1+ 0-1

[Event "Quebec op"]
[Site "Montreal CAN"]
[Date "2011.07.27"]
[Round "6"]
[White "Seguin, Rene"]
[Black "Lebeau, Gilbert"]
[Result "0-1"]
[WhiteElo "1976"]
[BlackElo "2052"]
[PlyCount "64"]
[GameId "2160767909649465"]
[EventDate "2011.07.23"]
[EventType "swiss"]
[EventRounds "9"]
[EventCountry "CAN"]
[SourceTitle "EXT 2022"]
[Source "ChessBase"]
[SourceDate "2021.10.06"]
[SourceVersion "1"]
[SourceVersionDate "2021.10.06"]
[SourceQuality "1"]

1. e4 c5 2. Nf3 Nc6 3. Bb5 Nd4 4. Ba4 b5 5. Nxd4 bxa4 6. Nf3 Nf6 7. e5 Nd5 8. O-O e6 9. d4 c4 10. a3 Be7 11. c3 O-O 12. Qxa4 f6 13. Qxc4 fxe5 14. Nxe5 Bb7 15. Qd3 Bg5 16. Bxg5 Qxg5 17. Qg3 Qh6 18. Ng4 Qg6 19. Ne3 Qh6 20. Nxd5 Bxd5 21. f3 Rf5 22. Qf2 Raf8 23. Nd2 Rh5 24. h3 Rf6 25. Rae1 Rxh3 26. gxh3 Qxh3 27. Qg2 Rg6 28. Qxg6 hxg6 29. Kf2 Qf5 30. Ne4 Qf4 31. Re2 Bc4 32. Rd2 d5 0-1